Cuando Valparaíso se asomó al siglo XIX

Saved in:
Bibliografiske detaljer
Hovedforfatter: Garrido Álvarez de la Rivera, Eugenia (Author)
Format: Bog
Sprog:spansk
Udgivet: Viña del Mar Ediciones Altazor 2012
Fag:
Tags: Tilføj Tag
Ingen Tags, Vær først til at tagge denne postø!

MARC

LEADER 00000cam a2200000 a 4500
001 UCF2574
003 CL-VaPUC
008 120830e20120000CL |||||||||||||||||spa|d
020 |a 9789567472970 
082 0 4 |a 320.983  |b GAR  |2 21 
100 |a Garrido Álvarez de la Rivera, Eugenia  |e author  |9 778593 
245 1 0 |a Cuando Valparaíso se asomó al siglo XIX 
300 |a 83 p 
942 |c BK 
945 |d 20120830 00:00:00  |a dcastane 
260 |a Viña del Mar  |b Ediciones Altazor  |c 2012 
650 0 |a Historia de Chile   |9 322385 
650 0 |a Política y gobierno  |9 255151 
650 0 |a Desarrollo político  |9 323087 
650 7 |a DESARROLLO POLITICO Y SOCIAL  |2 CL-VaPUC  |9 564261 
650 0 |a Desarrollo cultural  |9 267526 
583 |a last modification  |c 20120928 11:06:58  |k Rodrigo Vera 
999 |c 349116  |d 349114 
952 |0 0  |1 0  |4 0  |6 320_983000000000000_GAR_2012  |7 0  |8 A  |9 451549  |a BIBHIS  |b BIBHIS  |d 2019-11-22  |i 4896211  |l 3  |o 320.983 GAR 2012  |p 4896211  |r 2025-01-20  |s 2023-08-29  |w 2019-11-22  |y BK  |k HIS 
952 |0 0  |1 0  |4 0  |6 320_983000000000000_GAR_2012  |7 0  |8 X  |9 451550  |a FDOBUD  |b FDOBUD  |d 2019-11-22  |i 4919769  |o 320.983 GAR 2012  |p 4919769  |r 2019-11-22  |w 2019-11-22  |y BK_X  |k BUD 
952 |0 0  |1 0  |3 erb  |4 0  |6 320_983000000000000_GAR_2012  |7 0  |8 A  |9 451551  |a BIBGIM  |b BIBGIM  |i 5434866  |o 320.983 GAR 2012  |p 5434866  |r 2025-01-15  |w 2019-11-22  |y BK  |z Catalogado en:20171111  |k SSL